000 00446nam a2200145 a 4500
001 000033197
005 20200930070106.0
008 110822s1956 dr 000 0 spa d
040 _aDO-SdBNP
_bspa
_cBNPHU
100 1 _aIsaias de Cuomo, July
_958837
245 1 0 _aOfrenda /
_cJuly Isaias de Cuomo.
260 _aCiudad Trujillo, República Dominicana :
_bEscuela Salesiana de Artes Gráficas,
_c1956.
300 _a15 p. ;
_c22 cm.
049 _aBNPD
999 _c32688
_d32688